Cây keo lá tràm và một số biện pháp kỹ thuật lâm sinh cơ bản

Bewaard in:
Bibliografische gegevens
Hoofdauteur: Nguyễn Huy Sơn
Formaat: Boek
Taal:Undetermined
Gepubliceerd in: Nghệ An Nghệ An 2004
Onderwerpen:
Tags: Voeg label toe
Geen labels, Wees de eerste die dit record labelt!
Thư viện lưu trữ: Trung tâm Học liệu Trường Đại học Cần Thơ
LEADER 00574nam a2200193Ia 4500
001 CTU_61930
008 210402s9999 xx 000 0 und d
020 |b 12000 
082 |a 634.9 
082 |b S429 
100 |a Nguyễn Huy Sơn 
245 0 |a Cây keo lá tràm và một số biện pháp kỹ thuật lâm sinh cơ bản 
245 0 |c Nguyễn Huy Sơn 
260 |a Nghệ An 
260 |b Nghệ An 
260 |c 2004 
650 |a forests and forestry 
904 |i TUYẾN 
980 |a Trung tâm Học liệu Trường Đại học Cần Thơ